Random Movies from Letterboxd Reviews - Statistics

General Stats
  • This quiz has been taken 114 times
  • The average score is 6 of 10
Answer Stats
Name Year Review % Correct
10 Things I Hate About You 1999 10 Things, how do I love thee? Let me count the ways. 1. Heath Ledger with his original hair, and shiny trousers…
100%
12 Angry Men 1957 That was the best 1.5 hours of middle aged white dudes yelling at each other that I've ever seen.
100%
American Psycho 2000 yes patrick bateman is an awful, terrible person who kills people but do you know what he doesn't do? let his friends get away with making anti-semitic statements
100%
Avengers: Endgame 2019 Thanos: I am inevitable. Tony Stark: I am Iron Man.
100%
Bones and All 2022 if i had a nickel for every time timothee chalamet had an onscreen romance with a cannibal i’d have two nickels… which isn’t a lot but it’s weird that it happened twice
100%
Dead Poets Society 1989 can’t believe these cookie cutter white boys and their manic pixie dream teacher got me crying in the club rn
100%
Django Unchained 2012 jamie foxx killing racists? we love that!!!! also christoph waltz is hot as fuck i don’t even care
100%
Dune: Part Two 2024 THIS SHIT HAD ME BOWING DOWN TO PAUL ATREIDES IN THE DAMN THEATER!!!
100%
Eternal Sunshine of the Spotless Mind 2004 imagine ever wanting to erase kate winslet from your memory...... can't relate
100%
Forrest Gump 1994 tom hanks gotta have one of the top 5 foreheads in hollywood
100%
Get Out 2017 he shoulda just getted out
100%
Hot Fuzz 2007 most quotable film of the 21st century - “Fascism! Wonderful“ Simply can’t separate this and Shaun for the best anymore. Edgar Wright went god-mode with the entire trilogy in fact.
100%
Howl's Moving Castle 2004 howl made sophie a portal to a valley he knew she'd love and i can't even get a text back
100%
Inception 2010 fellas, is it gay to go inside ur bros dreams?
100%
Inglourious Basterds 2009 duolingo king christoph waltz switching languages 4 times in 15 minutes
100%
Interstellar 2014 remember how nasa asked sally ride if 100 tampons was enough for one week in space? anne hathaway goes for like two minutes tops and she wants to fuckin go to planet whatever to chase after a dude she banged ten years ago because women are guided by their emotions and love is all you need
100%
It 2017 the part where pennywise did gangnam style
100%
It's a Wonderful Life 1946 A film full of love, about staying, giving things up, and realizing too late (and then just in time) that it all mattered. Merry Christmas everyone!🎄
100%
Jaws 1975 glad sharks aren’t real
100%
Knives Out 2019 Daniel Craig saying  "What the little Nazi kid overheard when he was masturbating in the bathroom" in his crazy southern accent made me laugh harder than any movie in recent memory.
100%
Oldboy 2003 oh dae-su: licks lee woo-jins feet tarantino: god i wish that were me
100%
Oppenheimer 2023 watching this after i just watched barbie, call me atomic blonde
100%
Pride & Prejudice 2005 nothing has better comedic timing than Darcy saying he likes women who read and elizabeth closing her book to tell him off for it
100%
Shrek 2 2004 the fairy godmother's rendition of 'I need a hero' > any scene in la la land (2016)
100%
Spider-Man: No Way Home 2021 Never in a million years would I have predicted that Andrew Garfield's Peter Parker would be the best character in this movie
100%
Star Wars 1977 Han Solo calls Princess Leia "sister" twice within the same minute.Harrison Ford everybody, the Queen of sas since 1977!
100%
Tangled 2010 imagine flynn rider being the first man you've ever met and then meeting other men
100%
The Batman 2022 Committing a crime in gotham city so i can see robert pattinson and ask him what his favourite mitski album is
100%
The Breakfast Club 1985 where the fuck is the breakfast
100%
The Dark Knight 2008 i'm here to say that heath ledger and only heath ledger is the joker, period.
100%
The Empire Strikes Back 1980 The only Star Wars movie to fully explore the ramifications of Yoda's ketamine addiction and that's why it's the best one
100%
The Godfather 1972 haha they made that scene from zootopia into a movie
100%
The Greatest Showman 2017 the scene in the beginning where young hugh jackman gets away with stealing bread proves that this is an alternate timeline where jean valjean starts a circus instead of going to prison for 19 years, finding god, and becoming the mayor of a little french town
100%
The Hunger Games 2012 11 years since the book was published and here i am still laughing at how katniss and peeta's ship name is fucking peeniss
100%
The Lion King 1994 grandson says he can't wait to be king, helps him immediately become king, Scar is actually the best uncle of all time
100%
The Lord of the Rings: The Return of the King 2003 wish i had watched this without my mum so i didnt have to hear her say "god, he's so sexy" every time aragorn was on screen 😕
100%
The Lord of the Rings: The Two Towers 2002 PO-TA-TOES BOIL 'EM MASH 'EM STICK 'EM IN A STEW
100%
The Maze Runner 2014 i too would run into the maze and risk my life just to be with minho
100%
The Notebook 2004 can you BELIEVE that ryan gosling cured dementia???
100%
The Parent Trap 1998 it took me a rly long time to realize there weren't two lindsay lohans in real life???
100%
The Prestige 2006 hugh: my trick is the greatest trick to ever be tricked nothing can go wrong christian bale in a wig or fake mustache: oi mate hugh: FUCK!!!!
100%
The Princess Bride 1987 hello 🤪👋🏻📢 my name 👇🏻🖊 is iñigo montoya 👨🏽⚔️🏴‍☠️ you killed 😵🗡🔪🦹🏻‍♂️ my father 👨🏽‍🦳😭🤲🏻 😡prepare to die 🔥🔫🗡❌☠️
100%
The Silence of the Lambs 1991 where were all the lambs?? minus 1/2 a star :(
100%
The Truman Show 1998 Thanks, now I question daily whether everyone I know is just a paid actor!
100%
WALL-E 2008 Bold of Disney to finance and release a movie about a megacorporation that destroys the Earth
100%
The Shawshank Redemption 1994 he became a morgan free man
92%
Barbie 2023 s(he's) bro(ken)
90%
Spirited Away 2001 no disrespect to totoro but what planet was i on when i said that was the best ghibli film
88%
Whiplash 2014 all jk simmons did was scream, swear and go "🙌✋👈🤚👉🖐✊" and he's still scarier than any horror jump scare.
86%
How to Train Your Dragon 2010 i love the way that the dragons are literally just cats
83%
Kill Bill: Vol. 1 2003 tarantino’s casting call for this like “bad bitches only 😡🧍🏻‍♀️🚫”
83%
Scarface 1983 al pacino: snorts a pound of coke and kills 30 people me: hes so cute
83%
Shrek 2001 still trying to figure out the science behind how donkey and dragon had sex
83%
The Amazing Spider-Man 2012 peter telling gwen to shut up and kiss him... that’s cinema to me <3
83%
The Devil Wears Prada 2006 this is just the fashion version of whiplash
83%
Jurassic Park 1993 those dinosaurs were all lesbians and they were all valid
80%
My Neighbor Totoro 1988 CAT BUS
80%
Once Upon a Time... in Hollywood 2019 someone: quentin tarantino is gonna put tons of feet shots in this movie me: tarantino is a cunt someone: he's also gonna include shirtless brad pitt. why is he a cunt? me: i never said that. quentin is my friend.
80%
The Grand Budapest Hotel 2014 a movie about a girl, who reads a book about a man, who hears a story about a lobby boy, who meets a man who runs a hotel, a hotel for which the story, the book, and the movie are named for
80%
The Matrix 1999 neo being woken up by a kiss officially makes him a disney princess, right?
80%
13 Going on 30 2004 wait so when she went back to being thirteen again she didn’t warn anyone about 9/11?
75%
Alice in Wonderland 2010 Crazy bcz if I found the Rabbit hole I'm not thinking twice you won't see me again
75%
Apocalypse Now 1979 I love the smell of marlon brando inventing acting through three seconds of screen time and literally obliterating every other actor ever in the morning. also, napalm
75%
GoodFellas 1990 idk man there were some pretty bad fellas in this one
75%
Harry Potter and the Prisoner of Azkaban 2004 when hermione punched malfoy in the face and then watched herself do it again... it’s everything to me
75%
How to Lose a Guy in 10 Days 2003 andie anderson is EXTREMELY valid because i, too, would fall in love with matthew mcconaughey after 10 days
75%
La Haine 1995 meh. Ratatouille is by far a better representation of French struggle with poverty and equality.
75%
Little Women 2019 laurie: we look like a couple jo: a couple of besties <3
75%
Memento 2000 watching this movie had me feeling like i actually lost my short-term memory... i would NOT be able to recount the chronological order of events for you
75%
Ratatouille 2007 imagine how angry the rat that controls gordon ramsay must be all the time
75%
Se7en 1995 finally understand why six was afraid of seven
75%
Soul 2020 Pixar’s Whiplash
75%
The Godfather Part II 1974 this really is a masterpiece and i'm not saying that just because i want both al pacino and de niro to murder me
75%
Beautiful Boy 2018 Timothee Chalamet: Does drugs Steve Carell: nO gOd, No GoD pLeAsE.....nO.......No......nOooOoOOOooOOOoO
71%
(500) Days of Summer 2009 summer: I love the smiths tom: she’s not like other girls guys she’s DIFFERENT she’s literally the love of my life
67%
Baby Driver 2017 ANSEL ELGORT JUST DROVE OVER MY DICK AT 120MPH IN A PURPLE 1996 CHEVROLET CAPRICE
67%
Back to the Future 1985 every best friend duo has the dumb band kid from the 80s and the insane elderly scientist
67%
Brokeback Mountain 2005 we all know that heath almost broke jake g's nose because of how hard he was kissing him, but did yall know that michelle williams was the one telling them that their kiss wasnt intense enough and that they need to make out harder? michelle williams, a true lgbt ally,
67%
Ferris Bueller's Day Off 1986 when i was a kid i always thought cameron had a crush on ferris and you know what? i was right
67%
Juno 2007 me: not pregnant, not 16, not straight, not played by elliot page also me: This is the most relatable film i have ever seen
67%
Mean Girls 2004 the burn book is just death note for hiii haiii !! girls
67%
Pitch Perfect 2012 i miss when life was simple and my only problem was that i couldn’t do the cup song
67%
Prisoners 2013 when hugh jackman sees jake gyllenhaal and whispers "fuck me"... relatable™
67%
Sinners 2025 Oh my god Coogler cashed in his blank check on a vampire dance battle movie about why you should never trust the Irish I’m levitating right now
67%
The Lord of the Rings: The Fellowship of the Ring 2001 My biggest takeaway from this is that Gandalf is a stoner
67%
The Social Network 2010 literally why did david fincher turn the plot of the invention of facebook into a gay drama like what was the reason
67%
Ponyo 2008 this man Miyazaki really said “yo lemme take this dumb fucking fish and turn it into a heartwarming and incredibly charming movie that’s going to make your bitch ass cry.”
63%
Aftersun 2022 "I think it's nice that we share the same sky" charlotte wells and paul mescal, i will be sending you my therapy bill. you are responsible for far too many of my tears.
60%
Avengers: Infinity War 2018 “i’m gonna ask you this one time... where's gamora?” “yeah, i’ll do you one better – WHO’S gamora?” “i’ll do YOU one better – WHY is gamora?”
60%
Coco 2017 A story about death, murder, loss, grief, aging, dementia, living skeletons, and deadbeat dads. Y’know, a kids movie.
60%
Parasite 2019 "No one can imitate North Korean news anchors like you" gotta be the rarest compliment ever
60%
Portrait of a Lady on Fire 2019 what if i was comissioned to secretly paint your portrait 🤫🎨 and we were both girls 👭💕😳
60%
Superman 2025 so nice for a superhero movie villain to actually be evil and not just “bad guy because the movie says he is bad”... like if I ever see you on the streets Lex Luthor it is ON SIGHT because of what you did to my best friend
60%
The Nightmare Before Christmas 1993 When taylor swift wrote “he’s so tall and handsome as hell, he’s so bad but he does it so well” she was actually referring to jack skellington
60%
The Wolf of Wall Street 2013 teenage boys when they buy 2 dollars worth of bitcoin: the movie
60%
Call Me by Your Name 2017 I can't believe a scene where a twink sticks his dick in a peach made me cry. Thats cinema baby!!!
57%
Harry Potter and the Goblet of Fire 2005 my favorite part is at the end when Cedric is absolutely fucking dead and Hermione is like “hehe will there ever be a quiet year at Hogwarts? :)”
57%
Titanic 1997 Captain: "Sir, I'm sorry but we must put women and children first" My 21-year-old baby faced looking ass: "What do you mean, I'm 12 years old man"
57%
City of God 2002 okay so who among us has the balls to tell God that His city might need some work
55%
Black Swan 2010 me if i didn't quit ballet when i was 8
50%
Blade Runner 1982 i think when i die i would like to be reborn as 80s harrison ford as he seems to have it figured out
50%
Drive 2011 Do you guys ever wonder how we, as a society, got to and from places before Ryan Gosling invented driving 6 years ago?
50%
Girl, Interrupted 1999 winona wanting to stay in a mental asylum instead of running away with jared leto is a surprisingly sane decision for an insane person
50%
Good Will Hunting 1997 will never be able to wrap my head around the fact that matt damon and ben affleck wrote this screenplay they literally look like they have one brain cell between the two of them
50%
Legally Blonde 2001 elle woods could create facebook but mark zuckerberg can’t bend and snap
50%
Manchester by the Sea 2016 casey affleck is good at 2 things: being sad and wearing jackets
50%
Mulholland Drive 2001 the best part is when betty asks rita, a woman with very severe amnesia, if she's ever had sex with a woman before... girl how the fuck would she know?
50%
No Country for Old Men 2007 they should have just been young. then they could have had the country. stupid
50%
Notting Hill 1999 The scene where Hugh Grant walks through the market and the seasons change earns a whole star on it's own.
50%
Scott Pilgrim vs. the World 2010 why would ramona choose to date scott when brie larson was RIGHT THERE
50%
Scream 1996 Just 2 guys takin turns stabbing each other because they're not gay
50%
Spider-Man 2 2004 Harry Osborn: I did not kidnap her, it's not true! It's bullshit! I did not kidnap her! I did nahttttt. Oh hi, Peter.
50%
Spider-Man: Into the Spider-Verse 2018 the g in lgbt stands for gwen
50%
The Holdovers 2023 paul giamatti ran that twink academy like its the navy
50%
The Hunger Games: Catching Fire 2013 i would purposely do what peeta did and knock myself unconscious just so finnick could give me mouth to mouth
50%
The Sound of Music 1965 the hills are alive with the sound of hot, young christopher plummer
50%
Top Gun: Maverick 2022 he go fast in airplane
50%
Twilight 2008 the fakeout bite turned neck kiss during the prom scene is the romantic blueprint
50%
Catch Me If You Can 2002 how I feel when I forge my mum's signature in my school planner
44%
Spider-Man: Across the Spider-Verse 2023 look out here comes the spider-sweep
44%
Joker 2019 this movie did make me put on a happy face🤡
43%
Everything Everywhere All at Once 2022 finally a movie about the omnipotent evil that is everything bagels
40%
Gone Girl 2014 A relationship should be 50/50... they cheat on you, and you frame them for murder
40%
Hacksaw Ridge 2016 if i wanted to be preached at for two hours and witness messy explosions with rats crawling everywhere i'd have just gone on film twitter and stated an opinion
40%
Her 2013 this was one horny siri
40%
Little Miss Sunshine 2006 The scene of Olive performing in the pageant makes me go from hysterically laughing to hysterically crying within a matter of minutes every single time
40%
Paris, Texas 1984 so close! paris is in france ❤️
40%
Casablanca 1942 "wow, imagine watching this in 1942 when you didn't even know if the Allies would prevail against the Nazis and here they are singing in a bar with fear and courage on their faces" to "WE WILL ALWAYS HAVE PARISSSS" as i fling myself on the couch.
38%
Midsommar 2019 ari aster said yeah grief is awful but u know whats worse? white men
36%
2001: A Space Odyssey 1968 would’ve been good if it was original and didn’t copy WALL-E (2008)
33%
Alien 1979 if you are going into space i think that you should leave your cat at home, he does not need the stress
33%
Amélie 2001 oh to be a shy girl working in a parisian cafe who falls in love
33%
Blade Runner 2049 2017 2049 is also the amount of times I had to pee during this movie
33%
Cars 2006 i cried when guido did the pit stop
33%
Dirty Dancing 1987 Who hasn't been on vacation with the family when you accidentally stumble across a secret group of people who like to dance erotically?
33%
Dune 2021 how you gonna birth the chosen one with unlimited undiscovered power destined to unite civilisations in the far reaches of the universe and call him “paul”
33%
Grave of the Fireflies 1988 “why do fireflies have to die so soon?”
33%
Heathers 1989 JD says we live in a society. Mineral water is now gay.
33%
Jojo Rabbit 2019 sorry tarantino, taika’s the only director that can give me chills by filming a woman’s feet
33%
Stand by Me 1986 "I never had any friends later on like the ones I had when I was twelve. Jesus, does anyone?" Ain't that the damn truth
33%
The Lego Batman Movie 2017 ALFRED PUT A PARENTAL LOCK ON THE BATCOMPUTER
33%
The Pianist 2002 There's this scene in which he imagines to play the piano with his fingers 3 centimetres over the keyboard that just goes beyond perfection.
33%
Wicked 2024 graduated from shiz university with a master in aaaghahohahaghhaaaaahhhhh
33%
About Time 2013 goal in life: find a man who has an amélie poster in his room and who is domhnall gleeson
29%
There Will Be Blood 2007 You're a bastard from a basket
29%
Challengers 2024 Everything is sex, except sex, which is tennis
25%
Donnie Darko 2001 "Why do you wear that stupid bunny suit?" "Why are you wearing that stupid man suit?"
25%
Fight Club 1999 Sorry, I was instructed not to talk about it.
25%
Schindler's List 1993 This is not just a movie, rather a lesson. A lesson that shows us how terrible we can be. How terrible we can treat our fellow man.
25%
Shutter Island 2010 I really relate to Leo in this because I also don't trust anyone that isn't Mark Ruffalo
25%
The Perks of Being a Wallflower 2012 why don’t you go and scroll through 2012-2014 tumblr and try and tell me this wasn’t a complete cultural reset? we are infinite!!!!
25%
The Thing 1982 Among us: The movie
25%
Lady Bird 2017 happy😀😂 new year💯💥💫 lady😗bitches 💅💆 we are leaving 👋💔 fake friends😑😠 and pretentious😤😱 boys in bands😧😷🎸 in 2017😎😏 and entering😌💦 2018 ✨🌟 focused 🔭🔬 on loving 💟💞💝💘 our best friends 😇😙👭 and our moms 💜❤👸👵
22%
Arrival 2016 still waiting for a heptapod duolingo update ...... need that lil green owl to teach me their language i wanna be besties with those intellectual space octopuses !!!!
20%
Pulp Fiction 1994 all i want in life is for someone to recreate Mia and Vincent's dance with me
20%
Perfect Blue 1997 okay but there honestly wasn't a ton of blue in this movie surprisingly
17%
Avatar 2009 Through a biotech miracle, a white guy gets to have dreads
0%
Before Sunrise 1995 Damn I really wanted to see that play with the cow
0%
Cinema Paradiso 1988 It’s wild how movies literally used to be able to burst into flames and blind you. Those were the days.
0%
Fantastic Mr. Fox 2009 oceans 11 for furries
0%
Gladiator 2000 Crazy how for fun and good times the people used to just hit up the local arena to watch other people get brutally murdered
0%
La La Land 2016 i want emma stone and ryan gosling to tap dance on my face
0%
Life Is Beautiful 1997 "Buongiorno, Principessa!"
0%
Mamma Mia! 2008 abba and gay colin firth threw the first brick at stonewall
0%
Memories of Murder 2003 A detective movie less about the case than the absolute, irresolvable psychological agony of obsession and failure.
0%
Past Lives 2023 get yourself someone who learns the language of your dreams 🥹
0%
Princess Mononoke 1997 if i met a girl who was raised by wolves and hated me i would also do a bunch of stupid shit to impress her
0%
Requiem for a Dream 2000 STORYTIME: MY FRIDGE IS TRYING TO KILL ME (LIVE FOOTAGE)
0%
Singin' in the Rain 1952 "Call me a cab" "Alright, you're a cab!" I didn't know my dad wrote this
0%
Star Wars: Episode III – Revenge of the Sith 2005 funny how one bad trilogy can be redeemed entirely by the line "you were my brother, anakin. i loved you"
0%
Taxi Driver 1976 Travis in the rear view mirror be like 👀
0%
The Shining 1980 A tuxedo-clad man with a furry fetish has the best night of his life rudely interrupted by a marital dispute.
0%
The Virgin Suicides 1999 okay but the part where the one kid denounces god and jumps off a roof because the girl he liked was on vacation is a mood
0%
No matching quizzes found
Score Distribution
Percent of People with Each Score
Percentile by Number Answered
Your Score History
You have not taken this quiz